[Event "Happy New Year 2016!"]
[Site "SchemingMind.com"]
[Date "2015.12.28"]
[Round "-"]
[White "Mortadulo"]
[Black "DANDYLIONHONEYBADGER"]
[Result "1-0"]
[WhiteCountry "USA"]
[BlackCountry "USA"]
[WhiteElo "2185"]
[WhiteRD "76"]
[BlackElo "1446"]
[BlackRD "110"]
[GameID "392597"]

1. Nc3 Nf6 2. e4 e5 3. f4 c6 4. fxe5 Bb4 5. exf6 Bxc3 6. dxc3 Qxf6 7. Qf3 Qxf3 8. Nxf3 d5 9. Bd3 f6 10. Bf4 Na6
11. Bd6 c5 12. e5 c4 13. exf6 cxd3 14. fxg7 Rg8 15. Bf8 dxc2 16. Kd2 Bf5 17. Rhe1+ Be4 18. Ng5 Kd7 19. Rxe4 dxe4 20. Nxh7 Nc5
21. Nf6+ Ke6 22. Nxg8 Nd3 23. Nh6 c1=Q+ 24. Rxc1 Nxc1 25. g8=Q+ Kd7 26. Qd5+ Kc7 27. Qc5+ Kd8 28. Qd6+ Kc8 29. Nf7 b6 30. Qc6+ Kb8
31. Bd6#
1-0

[Event "Happy New Year 2016!"]
[Site "SchemingMind.com"]
[Date "2015.12.28"]
[Round "-"]
[White "DANDYLIONHONEYBADGER"]
[Black "Mortadulo"]
[Result "0-1"]
[WhiteCountry "USA"]
[BlackCountry "USA"]
[WhiteElo "1446"]
[WhiteRD "110"]
[BlackElo "2185"]
[BlackRD "76"]
[GameID "392598"]

1. Nc3 c5 2. Nf3 d5 3. d4 Nc6 4. e4 dxe4 5. Nxe4 cxd4 6. c3 Bg4 7. Bb5 Qd5 8. Qd3 Bf5 9. Bc4 Qxe4+ 10. Qxe4 Bxe4
11. Nd2 Nf6 12. f3 Bd5 13. Bd3 g6 14. c4 Be6 15. b3 Nb4 16. Bb1 Bg7 17. Bb2 Rd8 18. O-O O-O 19. a3 Nc6 20. Bd3 Nd7
21. Rae1 Nc5 22. b4 Nxd3 23. Rb1 Nxb2 24. Rxb2 d3 25. Rbb1 Nd4 26. Rbe1 Ne2+ 27. Kh1 Bc3 28. Rd1 Bxd2 29. Rf2 Be3 30. Rff1 Bxc4
31. h3 Ng3+ 32. Kh2 Nxf1+ 33. Rxf1 d2 34. Rb1 d1=Q 35. Rxd1 Rxd1 36. a4 h5 37. h4 Rfd8 38. g4 R8d2+ 39. Kg3 Rg1+ 40. Kh3 Bf1#
0-1

[Event "Happy New Year 2016!"]
[Site "SchemingMind.com"]
[Date "2015.12.28"]
[Round "-"]
[White "Mortadulo"]
[Black "Scooter"]
[Result "1-0"]
[WhiteCountry "USA"]
[BlackCountry "USA"]
[WhiteElo "1912"]
[WhiteRD "158"]
[BlackElo "1717"]
[BlackRD "47"]
[GameID "392763"]

1. Nc3 Nf6 2. e4 e5 3. f4 d6 4. Nf3 Bg4 5. d4 g6 6. dxe5 Bxf3 7. Qxf3 dxe5 8. fxe5 Nfd7 9. Bf4 Bg7 10. O-O-O O-O
11. Bc4 Re8 12. Bxf7+
1-0

[Event "Happy New Year 2016!"]
[Site "SchemingMind.com"]
[Date "2015.12.28"]
[Round "-"]
[White "Scooter"]
[Black "Mortadulo"]
[Result "0-1"]
[WhiteCountry "USA"]
[BlackCountry "USA"]
[WhiteElo "1696"]
[WhiteRD "46"]
[BlackElo "2185"]
[BlackRD "76"]
[GameID "392764"]

1. d4 Nf6 2. Nf3 c5 3. e3 e6 4. c3 d5 5. Bb5+ Bd7 6. Bxd7+ Nbxd7 7. O-O Qc7 8. Nbd2 Rc8 9. Re1 Bd6 10. e4 cxd4
11. cxd4 dxe4 12. Nxe4 Nxe4 13. Rxe4 O-O 14. Bd2 Qc2 15. Qxc2 Rxc2 16. Bc3 Nf6 17. Re3 Nd5 18. Rd3 Nxc3 19. Rxc3 Rxb2 20. Rb3 Rxb3
21. axb3 Rc8 22. g3 a6 23. Ne5 Rc3 24. Nc4 Bb4 25. Rb1 Rd3 26. Rc1 Rxb3 27. Na5 Rc3 28. Rxc3 Bxc3 29. Nxb7 a5 30. Nc5 Bxd4
31. Na4 e5 32. Kf1 f6 33. f3 Kf7
0-1

[Event "Happy New Year 2016!"]
[Site "SchemingMind.com"]
[Date "2015.12.29"]
[Round "-"]
[White "Scooter"]
[Black "DANDYLIONHONEYBADGER"]
[Result "1-0"]
[WhiteCountry "USA"]
[BlackCountry "USA"]
[WhiteElo "1696"]
[WhiteRD "46"]
[BlackElo "1446"]
[BlackRD "110"]
[GameID "392765"]

1. d4 d5 2. Nf3 f6 3. Bf4 g5 4. Bg3 g4 5. Nfd2 Nh6 6. e3 Bg7 7. c4 Be6 8. cxd5 Bxd5 9. Nc3 c6 10. Nxd5 cxd5
11. Be2 Qd7 12. O-O e5 13. dxe5 Nf5 14. exf6 Bxf6 15. Bxb8 Rxb8 16. Qb3 Ne7 17. Rfd1 Rg8 18. Rac1 Nc6 19. Bb5 Kf7 20. Ne4 Na5
21. Qxd5+ Qxd5 22. Rxd5 Rgd8 23. Nxf6 Kxf6 24. Rxd8 Rxd8 25. b4 a6 26. Bxa6 bxa6 27. bxa5 h5 28. g3 Ke5 29. Rc5+ Rd5 30. Rxd5+ Kxd5
31. Kg2 Ke4 32. h3 gxh3+ 33. Kxh3 Kf3 34. Kh4 Kxf2 35. e4 Kf3 36. e5 Ke4 37. e6 Kd5 38. e7 Kc5 39. e8=Q Kb4 40. Qb8+ Kxa5
41. a3 Ka4 42. Qb4#
1-0

[Event "Happy New Year 2016!"]
[Site "SchemingMind.com"]
[Date "2015.12.29"]
[Round "-"]
[White "DANDYLIONHONEYBADGER"]
[Black "Scooter"]
[Result "0-1"]
[WhiteCountry "USA"]
[BlackCountry "USA"]
[WhiteElo "1446"]
[WhiteRD "110"]
[BlackElo "1696"]
[BlackRD "46"]
[GameID "392766"]

1. Nc3 Nf6 2. e4 e5 3. Nd5 Nxd5 4. exd5 Bc5 5. Nf3 d6 6. c3 Bg4 7. b4 Bb6 8. Be2 Bxf3 9. gxf3 Qh4 10. Rf1 Qxh2
11. d4 Nd7 12. Bb5 O-O-O 13. Bg5 f6 14. Be3 a6 15. Bc4 Qh5 16. a3 f5 17. f4 Qxd1+ 18. Rxd1 exf4 19. Bxf4 Rde8+ 20. Kd2 Re4
21. Be3 f4 22. Kd3 Nf6 23. f3 Rxe3+ 24. Kd2 Rhe8 25. Rg1 Nh5 26. Kc1 Rxc3+ 27. Kb2 Rxc4 28. Rge1 Rxe1 29. Rxe1 Bxd4+ 30. Kb3 Rc3+
31. Ka4 b5+ 32. Ka5 Rxa3#
0-1

[Event "Happy New Year 2016!"]
[Site "SchemingMind.com"]
[Date "2016.01.03"]
[Round "-"]
[White "CLewis73"]
[Black "Mortadulo"]
[Result "0-1"]
[WhiteCountry "ENG"]
[BlackCountry "USA"]
[WhiteElo "1733"]
[WhiteRD "70"]
[BlackElo "2185"]
[BlackRD "76"]
[GameID "393100"]

1. Nf3 c5 2. g3 Nf6 3. Bg2 Nc6 4. O-O e5 5. d3 d5 6. Nbd2 Be7 7. e4 dxe4 8. dxe4 Qc7 9. c3 O-O 10. Qc2 h6
11. h3 Be6 12. b3 Rad8 13. Bb2 Rd6 14. Rad1 Rfd8 15. Rfe1 Qd7 16. Kh2 Nh7 17. g4 Ng5 18. Nxe5 Nxe5 19. f4 Rxd2
0-1

[Event "Happy New Year 2016!"]
[Site "SchemingMind.com"]
[Date "2016.01.03"]
[Round "-"]
[White "Mortadulo"]
[Black "CLewis73"]
[Result "1-0"]
[WhiteCountry "USA"]
[BlackCountry "ENG"]
[WhiteElo "2185"]
[WhiteRD "76"]
[BlackElo "1733"]
[BlackRD "70"]
[GameID "393101"]

1. Nc3 e5 2. Nf3 Nc6 3. d4 exd4 4. Nxd4 Bc5 5. Nb3 Bb4 6. e4 Nf6 7. Bd3 O-O 8. O-O Bxc3 9. bxc3 d5 10. exd5 Qxd5
11. Re1 Bf5 12. c4 Qd7 13. Nc5 Qc8 14. Bb2 Bxd3 15. cxd3 b6 16. Qf3 Nb4 17. Bxf6 gxf6 18. Ne4
1-0

[Event "Happy New Year 2016!"]
[Site "SchemingMind.com"]
[Date "2016.01.04"]
[Round "-"]
[White "CLewis73"]
[Black "Scooter"]
[Result "1/2-1/2"]
[WhiteCountry "ENG"]
[BlackCountry "USA"]
[WhiteElo "1733"]
[WhiteRD "70"]
[BlackElo "1696"]
[BlackRD "46"]
[GameID "393102"]

1. Nf3 Nf6 2. g3 g6 3. Bg2 Bg7 4. O-O O-O 5. d3 c6 6. c3 d5 7. Bg5 Bg4 8. Nbd2 Bxf3 9. Bxf3 Nbd7 10. Bg2 Qc7
11. Qc2 e5 12. e4 dxe4 13. dxe4 h6 14. Bxf6 Nxf6 15. Rad1 Rfd8 16. Nc4 Ne8 17. Ne3 Rxd1 18. Rxd1 Rd8 19. Rd3 Rxd3 20. Qxd3 Qd6
21. Qxd6 Nxd6 22. f3 f5 23. Kf2 f4 24. Nd1 g5 25. Ke2 Nc4 26. Kd3 Nd6 27. b3 b5 28. Nb2 Bf8 29. c4 bxc4+ 30. Nxc4 Nxc4
31. Kxc4 Kf7 32. Bh3 Ke8 33. b4 Kd8 34. a4 a6 35. b5 axb5+ 36. axb5 cxb5+ 37. Kxb5 Kc7=
1/2-1/2

[Event "Happy New Year 2016!"]
[Site "SchemingMind.com"]
[Date "2016.01.04"]
[Round "-"]
[White "Scooter"]
[Black "CLewis73"]
[Result "1/2-1/2"]
[WhiteCountry "USA"]
[BlackCountry "ENG"]
[WhiteElo "1696"]
[WhiteRD "46"]
[BlackElo "1733"]
[BlackRD "70"]
[GameID "393103"]

1. d4 d5 2. Nf3 Bf5 3. e3 e6 4. Bd3 Bxd3 5. Qxd3 Nc6 6. c3 Nf6 7. O-O Bd6 8. Nbd2 O-O 9. a3 e5 10. dxe5 Nxe5
11. Nxe5 Bxe5 12. Nf3 Re8 13. Nxe5 Rxe5 14. Rd1 c6 15. c4 Qc7 16. cxd5 Rxd5 17. Qe2 Rad8 18. Rxd5 Rxd5 19. b4 Qd7 20. g3 Qh3
21. Qf1 Qxf1+ 22. Kxf1 Rd1+ 23. Ke2 Rh1 24. h4 Rh2 25. Kf3 Rh1 26. Bb2 Rxa1 27. Bxa1 Nd7 28. Ke4 f6 29. f4 Kf7 30. Kd4 Ke6
31. e4 Kd6 32. Bc3 b6 33. Kc4 b5+ 34. Kd3 Nb6 35. e5+ Ke6 36. exf6 gxf6 37. Bd4 Nc4 38. Bxa7 Nxa3 39. g4 Nc4 40. Bc5 f5
41. g5 Kf7 42. h5 Kg7 43. Be7 Kf7 44. Bf6 h6 45. Kd4 Nb6 46. Kc5 Nd5 47. Be5 hxg5 48. fxg5 Kg8 49. Kxc6 Nxb4+ 50. Kxb5 Nd3
51. Bd4 Nf4 52. h6 Kh7 53. Kc5 Ne6+ 54. Kd5 Nxg5 55. Ke5 Nf3+ 56. Kxf5=
1/2-1/2

[Event "Happy New Year 2016!"]
[Site "SchemingMind.com"]
[Date "2016.01.08"]
[Round "-"]
[White "CLewis73"]
[Black "DANDYLIONHONEYBADGER"]
[Result "0-1"]
[WhiteCountry "ENG"]
[BlackCountry "USA"]
[WhiteElo "1733"]
[WhiteRD "70"]
[BlackElo "1446"]
[BlackRD "110"]
[GameID "393104"]

1. Nf3 f6 2. g3 d6 3. Bg2 e5 4. d3 c5 5. O-O g5 6. c4 Bg4 7. Nc3 Nc6 8. h3 Bxf3 9. Bxf3 h5 10. Qa4 Qd7
11. Bxc6 bxc6 12. e4 Qxh3 13. Qxc6+ Kf7 14. Qxa8 Nh6 15. Qxa7+ Kg6 16. Nd5 Ng4
0-1

[Event "Happy New Year 2016!"]
[Site "SchemingMind.com"]
[Date "2016.01.08"]
[Round "-"]
[White "DANDYLIONHONEYBADGER"]
[Black "CLewis73"]
[Result "0-1"]
[WhiteCountry "USA"]
[BlackCountry "ENG"]
[WhiteElo "1446"]
[WhiteRD "110"]
[BlackElo "1733"]
[BlackRD "70"]
[GameID "393105"]

1. Nc3 d5 2. e4 d4 3. Nd5 c6 4. Nb4 e5 5. Nf3 Bxb4 6. Nxe5 Nf6 7. Bc4 Be6 8. c3 dxc3 9. dxc3 Qxd1+ 10. Kxd1 Bd6
11. Bxe6 fxe6 12. Bf4 O-O 13. Bg5 Bxe5 14. f4 Nxe4 15. Rf1 Nxg5 16. Kc2 Bxf4 17. Rfd1 Bxh2 18. Rh1 Be5 19. Rh5 Bf6 20. Rah1 Na6
21. b4 Rad8 22. Kb3 Nc7 23. Kc2 Nb5 24. Kb3 Nxc3
0-1

[Event "Happy New Year 2016!"]
[Site "SchemingMind.com"]
[Date "2016.01.03"]
[Round "-"]
[White "CLewis73"]
[Black "Stephen Woodhouse"]
[Result "0-1"]
[WhiteCountry "ENG"]
[BlackCountry "ENG"]
[WhiteElo "1733"]
[WhiteRD "70"]
[BlackElo "1814"]
[BlackRD "48"]
[GameID "393136"]

1. Nf3 e6 2. g3 d5 3. Bg2 c5 4. O-O Nf6 5. d3 Nc6 6. c3 Be7 7. Bg5 O-O 8. Nbd2 h6 9. Bxf6 Bxf6 10. e4 dxe4
11. dxe4 e5 12. Qc2 Be6 13. Rad1 Qc7 14. Rfe1 Rad8 15. Nf1 Rxd1 16. Rxd1 Rd8 17. Rxd8+ Qxd8 18. b3 Kf8 19. Ne3 Ke7 20. h4 g6=
21. Nh2 h5 22. Nd5+ Bxd5 23. exd5 Nb8 24. Nf1 Bg7 25. c4 f5 26. Qd2 Kf7 27. b4 b6 28. b5 e4 29. Ne3 Qf6 30. Nd1 Qd4
31. Qxd4 cxd4 32. Kf1 Nd7 33. f4 Bf8 34. Ke2 Bc5 35. Kd2 Ke7 36. Nb2 Kd6 37. a4 d3 38. Nd1 Bb4+ 39. Kc1 Kc5
0-1

[Event "Happy New Year 2016!"]
[Site "SchemingMind.com"]
[Date "2016.01.03"]
[Round "-"]
[White "Stephen Woodhouse"]
[Black "CLewis73"]
[Result "1/2-1/2"]
[WhiteCountry "ENG"]
[BlackCountry "ENG"]
[WhiteElo "1814"]
[WhiteRD "48"]
[BlackElo "1733"]
[BlackRD "70"]
[GameID "393137"]

1. e4 e5 2. Nf3 Nc6 3. d4 exd4 4. Nxd4 Nf6 5. Nc3 Bb4 6. Nxc6 bxc6 7. Bd3 d5 8. exd5 cxd5 9. O-O O-O 10. Bg5 Bxc3
11. bxc3 c6 12. Qf3 Bd7 13. Rab1 h6 14. Bxf6 Qxf6 15. Qxf6 gxf6 16. Rb7 Bg4 17. f3 Bh5 18. Re1 c5 19. Ree7 c4 20. Bf5 Rab8
21. g4 Rxb7 22. Rxb7 Bg6 23. Rxa7 Bxf5 24. gxf5 Rb8 25. Kf2 Rb2 26. Rd7 Rxc2+ 27. Ke3 Rxc3+ 28. Kf4 Ra3 29. Rxd5 Rxa2 30. h3 c3
31. Rc5 c2 32. Rc8+ Kg7 33. h4 Ra4+ 34. Kg3 Ra5 35. Kg4 h5+ 36. Kxh5 Rxf5+ 37. Kg4 c1=Q 38. Rxc1 Kg6 39. Ra1 Rh5 40. Rh1 f5+
41. Kf4=
1/2-1/2

[Event "Happy New Year 2016!"]
[Site "SchemingMind.com"]
[Date "2016.01.03"]
[Round "-"]
[White "Mortadulo"]
[Black "Stephen Woodhouse"]
[Result "1-0"]
[WhiteCountry "USA"]
[BlackCountry "ENG"]
[WhiteElo "2185"]
[WhiteRD "76"]
[BlackElo "1814"]
[BlackRD "48"]
[GameID "393138"]

1. Nc3 e6 2. e4 d5 3. f4 dxe4 4. Nxe4 Nf6 5. Qf3 Be7 6. c3 Nbd7 7. d4 O-O 8. Be3 Nxe4 9. Qxe4 Nf6 10. Qf3 Nd5
11. Bd3 Bd7 12. Qe2 Bc6 13. Nf3 Nxe3 14. Qxe3 Bxf3 15. Qxf3 c6 16. h4 g6 17. h5 Bh4+ 18. g3 Bf6 19. O-O-O Qd5 20. Qg4 Qxa2
21. hxg6 Qa1+ 22. Kc2 Qa4+ 23. Kd2 hxg6 24. Bxg6 fxg6 25. Qxg6+ Bg7 26. Rh7 Rf7 27. Rh8+ Kxh8 28. Qxf7
1-0

[Event "Happy New Year 2016!"]
[Site "SchemingMind.com"]
[Date "2016.01.03"]
[Round "-"]
[White "Stephen Woodhouse"]
[Black "Mortadulo"]
[Result "0-1"]
[WhiteCountry "ENG"]
[BlackCountry "USA"]
[WhiteElo "1814"]
[WhiteRD "48"]
[BlackElo "2185"]
[BlackRD "76"]
[GameID "393139"]

1. e4 c5 2. c3 e6 3. d4 d5 4. exd5 exd5 5. Nf3 Nc6 6. Bb5 Nf6 7. O-O Be7 8. Be3 Qb6 9. Qe2 O-O 10. Nbd2 Re8
11. Ne5 Bd6 12. Ndf3 Qc7 13. Nxc6 bxc6 14. Bd3 Ng4 15. Rae1 c4 16. Bc2 Bxh2+ 17. Kh1 Rxe3 18. fxe3 Bg3 19. Rd1 Qd6 20. Ng1 Bf2
21. Nf3 Qh6+
0-1

[Event "Happy New Year 2016!"]
[Site "SchemingMind.com"]
[Date "2016.01.04"]
[Round "-"]
[White "Scooter"]
[Black "Stephen Woodhouse"]
[Result "1/2-1/2"]
[WhiteCountry "USA"]
[BlackCountry "ENG"]
[WhiteElo "1696"]
[WhiteRD "46"]
[BlackElo "1814"]
[BlackRD "48"]
[GameID "393140"]

1. d4 e6 2. Nf3 d5 3. Bf4 Bd6 4. Bxd6 Qxd6 5. c3 Nf6 6. e3 O-O 7. Be2 c5 8. O-O Nc6 9. Nbd2 Bd7 10. Bb5 Rac8
11. Bxc6 Bxc6 12. Ne5 Nd7 13. Nxd7 Bxd7 14. Nf3 cxd4 15. cxd4 Rc7 16. Rc1 Rfc8 17. Qd2 Kf8 18. Rxc7 Qxc7 19. Ne5 f6 20. Nxd7+ Qxd7
21. Rc1 Rxc1+ 22. Qxc1 Qc6 23. Qxc6 bxc6 24. Kf1=
1/2-1/2

[Event "Happy New Year 2016!"]
[Site "SchemingMind.com"]
[Date "2016.01.04"]
[Round "-"]
[White "Stephen Woodhouse"]
[Black "Scooter"]
[Result "1/2-1/2"]
[WhiteCountry "ENG"]
[BlackCountry "USA"]
[WhiteElo "1814"]
[WhiteRD "48"]
[BlackElo "1696"]
[BlackRD "46"]
[GameID "393141"]

1. e4 c6 2. d4 d5 3. exd5 cxd5 4. c4 Nf6 5. Nc3 Nc6 6. Nf3 Bg4 7. cxd5 Nxd5 8. Qb3 Bxf3 9. gxf3 e6 10. Qxb7 Nxd4
11. Bb5+ Nxb5 12. Qc6+ Ke7 13. Qxb5 Nxc3 14. bxc3 Qd7 15. Rb1 Qxb5 16. Rxb5 Kf6 17. Be3 e5 18. f4 Bd6 19. fxe5+ Bxe5 20. Bd4 Bxd4
21. cxd4 Rhe8+ 22. Kd2 Rad8 23. Kd3 Re6 24. Rc1 Red6 25. Rc4 g5 26. Ra4 h5 27. Rba5 Rb8 28. Rxa7 Rb2 29. Ke3 Re6+ 30. Kf3 g4+
31. Kg3 Ree2 32. R4a6+ Kg7 33. Ra5 Rxf2 34. Rxh5 Rg2+ 35. Kf4 Rbf2+ 36. Ke5 Kg6 37. Rh8 Rxh2 38. Rxh2 Rxh2 39. Kf4 f5 40. Ra6+ Kh5
41. Ra8 Rf2+ 42. Kg3 Rf3+ 43. Kg2 Kg6 44. a4=
1/2-1/2

[Event "Happy New Year 2016!"]
[Site "SchemingMind.com"]
[Date "2016.01.08"]
[Round "-"]
[White "Stephen Woodhouse"]
[Black "DANDYLIONHONEYBADGER"]
[Result "1-0"]
[WhiteCountry "ENG"]
[BlackCountry "USA"]
[WhiteElo "1814"]
[WhiteRD "48"]
[BlackElo "1446"]
[BlackRD "110"]
[GameID "393142"]

1. e4 Nf6 2. Nc3 b6 3. d4 c6 4. f4 b5 5. e5 Nd5 6. Nxd5 cxd5 7. Nf3 f6 8. Bd2 Nc6 9. Bxb5 a6 10. Bd3 e6
11. c3 fxe5 12. Nxe5 Nxe5 13. fxe5 g6 14. O-O d6 15. Qf3 Rg8 16. Qf7#
1-0

[Event "Happy New Year 2016!"]
[Site "SchemingMind.com"]
[Date "2016.01.08"]
[Round "-"]
[White "DANDYLIONHONEYBADGER"]
[Black "Stephen Woodhouse"]
[Result "0-1"]
[WhiteCountry "USA"]
[BlackCountry "ENG"]
[WhiteElo "1446"]
[WhiteRD "110"]
[BlackElo "1814"]
[BlackRD "48"]
[GameID "393143"]

1. Nc3 e6 2. Nf3 d5 3. a3 Nf6 4. e3 Be7 5. Bd3 O-O 6. h3 c5 7. b4 cxb4 8. axb4 Bxb4 9. Ng5 h6 10. Nf3 Nc6
11. Ba3 Bxa3 12. Rxa3 a6 13. Ra4 Bd7 14. Rh4 Qc7 15. g4 Ne5 16. g5 Nxf3+ 17. Qxf3 hxg5 18. Bh7+ Nxh7 19. Rg1 gxh4 20. Qg4 g6
21. Qxh4 Qd8 22. Qf4 Bc6 23. h4 Qf6 24. Qg3 d4 25. exd4 Qxd4 26. h5 Rad8 27. hxg6 Qxd2+ 28. Kf1 Qc1+ 29. Ke2 Rd2+ 30. Ke3 Rd1+
31. Ke2 Qd2#
0-1

[Event "Happy New Year 2016!"]
[Site "SchemingMind.com"]
[Date "2016.01.06"]
[Round "-"]
[White "CLewis73"]
[Black "frankly"]
[Result "0-1"]
[WhiteCountry "ENG"]
[BlackCountry "ENG"]
[WhiteElo "1733"]
[WhiteRD "70"]
[BlackElo "2443"]
[BlackRD "54"]
[GameID "393290"]

1. Nf3 Nf6 2. g3 g6 3. Bg2 Bg7 4. O-O O-O 5. d3 d6 6. e4 c5 7. Nbd2 Nc6 8. c3 Rb8 9. Qc2 b5 10. Re1 b4
11. Nf1 Ng4 12. Bd2 Ba6 13. c4 Bc8 14. h3 Nge5 15. Nxe5 Nxe5 16. f4 Nc6 17. Be3 Nd4 18. Bxd4 Bxd4+ 19. Kh2 e5 20. Ne3 exf4
21. gxf4 Qh4 22. Nd5 Kh8 23. Rf1 g5 24. f5 g4 25. Nf4 Rg8 26. Qd2 Be5 27. Kh1 gxh3 28. Nxh3 Rg3
0-1

[Event "Happy New Year 2016!"]
[Site "SchemingMind.com"]
[Date "2016.01.06"]
[Round "-"]
[White "frankly"]
[Black "CLewis73"]
[Result "1-0"]
[WhiteCountry "ENG"]
[BlackCountry "ENG"]
[WhiteElo "2443"]
[WhiteRD "54"]
[BlackElo "1733"]
[BlackRD "70"]
[GameID "393291"]

1. d4 Nf6 2. Nf3 g6 3. c4 Bg7 4. g3 O-O 5. Bg2 d6 6. O-O c6 7. Nc3 Bg4 8. h3 Bxf3 9. Bxf3 Nbd7 10. Bg2 e5
11. d5 c5 12. Bg5 a6 13. a4 h6 14. Bd2 Ne8 15. Qc1 Kh7 16. Ra3 f5 17. e4 fxe4 18. Nxe4 Ndf6 19. Qc2 Qe7 20. g4 Nc7
21. h4 Nxg4 22. Rg3 Qxh4 23. Bh3 Nf6 24. Nxd6 e4 25. Bf5 gxf5 26. Nxf5 Qh5 27. Rxg7+ Kh8 28. Ng3 Qf3 29. Rxc7 Ng4 30. Bc3+ Kg8
31. Rg7+
1-0

[Event "Happy New Year 2016!"]
[Site "SchemingMind.com"]
[Date "2016.01.06"]
[Round "-"]
[White "Mortadulo"]
[Black "frankly"]
[Result "1/2-1/2"]
[WhiteCountry "USA"]
[BlackCountry "ENG"]
[WhiteElo "2185"]
[WhiteRD "76"]
[BlackElo "2443"]
[BlackRD "54"]
[GameID "393292"]

1. Nc3 e5 2. Nf3 Nc6 3. d4 exd4 4. Nxd4 Nf6 5. Bg5 Bb4 6. Nxc6 bxc6 7. Qd4 Qe7 8. Bxf6 gxf6 9. e3 c5 10. Qd3 Qe5
11. f4 Bxc3+ 12. Qxc3 Qxc3+ 13. bxc3 Rb8 14. Bd3 Ke7 15. Kf2 d5 16. Rab1 Be6 17. Be2 c4 18. g4= f5 19. g5 Rb6 20. Rb4 Rhb8
21. Rhb1 Kd6 22. a3= a5 23. Rxb6+ Rxb6 24. Rxb6+ cxb6 25. Ke1 Kc6 26. Kd2 Kd7=
1/2-1/2

[Event "Happy New Year 2016!"]
[Site "SchemingMind.com"]
[Date "2016.01.06"]
[Round "-"]
[White "frankly"]
[Black "Mortadulo"]
[Result "1-0"]
[WhiteCountry "ENG"]
[BlackCountry "USA"]
[WhiteElo "2449"]
[WhiteRD "55"]
[BlackElo "2235"]
[BlackRD "73"]
[GameID "393293"]

1. e4 c5 2. Nf3 d6 3. d4 cxd4 4. Nxd4 Nf6 5. Nc3 a6 6. Bg5 e6 7. f4 Be7 8. Qf3 Qc7 9. O-O-O Bd7 10. e5 dxe5
11. fxe5 Nd5 12. Bxe7 Nxe7 13. Qg3 O-O 14. Bd3 Nbc6 15. Nf3 h6 16. Kb1 Nb4 17. Qh4 Nxd3 18. Qxe7 Rae8 19. Qh4 Nc5 20. Rd4 Bc6
21. Rg4 Kh8 22. Re1 b5 23. a3 Na4 24. Nxa4 bxa4 25. Rc4 Qb7 26. Rb4 Qa8 27. Nd4 Bxg2 28. Qg4 Bd5 29. Rxa4 Qb7 30. b3 Qb6
31. Rg1 Rg8 32. Qe2 Ra8 33. Qe3 Rab8 34. Rb4 Qd8 35. Kb2 Rxb4 36. axb4 Qe7 37. c3 Ra8 38. Qg3 Rg8 39. Nc2 Qb7 40. Ne3 Be4
41. Nc4 Qd5 42. Qe3 Bg6 43. Nd6 Kh7 44. c4 Qc6 45. c5 Ra8 46. Qg3 Qc7 47. h4 h5 48. Qf2 Rb8 49. Ka3 Kg8 50. Rg3 a5
51. b5 Bf5 52. Ka4 Qd7 53. c6 Qc7 54. Qc5
1-0

[Event "Happy New Year 2016!"]
[Site "SchemingMind.com"]
[Date "2016.01.06"]
[Round "-"]
[White "Scooter"]
[Black "frankly"]
[Result "0-1"]
[WhiteCountry "USA"]
[BlackCountry "ENG"]
[WhiteElo "1696"]
[WhiteRD "46"]
[BlackElo "2443"]
[BlackRD "54"]
[GameID "393294"]

1. d4 Nf6 2. Nf3 g6 3. Bf4 Bg7 4. e3 O-O 5. Be2 d6 6. O-O Nbd7 7. Nbd2 Nh5 8. Bg5 h6 9. Bh4 c5 10. c3 Ndf6
11. Bxf6 Nxf6 12. h3 cxd4 13. cxd4 Be6 14. Bc4 Bd7 15. Rc1 b5 16. Bb3 Rc8 17. Rxc8 Qxc8 18. Qc1 a6 19. a3 a5 20. Ba2 Qb7
21. Qb1 Bf5 22. Qa1 Re8 23. Rc1 Bd7 24. b4 axb4 25. axb4 Rc8 26. Nb3 Bxh3 27. gxh3 Rxc1+ 28. Qxc1 Qxf3 29. Nd2 Qxh3
0-1

[Event "Happy New Year 2016!"]
[Site "SchemingMind.com"]
[Date "2016.01.06"]
[Round "-"]
[White "frankly"]
[Black "Scooter"]
[Result "1-0"]
[WhiteCountry "ENG"]
[BlackCountry "USA"]
[WhiteElo "2443"]
[WhiteRD "54"]
[BlackElo "1696"]
[BlackRD "46"]
[GameID "393295"]

1. d4 Nf6 2. Nf3 d5 3. c4 Bg4 4. Ne5 Bf5 5. Nc3 e6 6. Qb3 b6 7. cxd5 Nxd5 8. g4 Bg6 9. Bg2 c6 10. h4 Bb4
11. h5 f6 12. hxg6 Ke7 13. Nf7
1-0

[Event "Happy New Year 2016!"]
[Site "SchemingMind.com"]
[Date "2016.01.06"]
[Round "-"]
[White "Stephen Woodhouse"]
[Black "frankly"]
[Result "0-1"]
[WhiteCountry "ENG"]
[BlackCountry "ENG"]
[WhiteElo "1814"]
[WhiteRD "48"]
[BlackElo "2443"]
[BlackRD "54"]
[GameID "393296"]

1. e4 c5 2. c3 d5 3. exd5 Qxd5 4. d4 Nf6 5. Nf3 Bg4 6. Be2 e6 7. O-O Nc6 8. h3 Bh5 9. Be3 cxd4 10. Nxd4 Bxe2
11. Qxe2 Nxd4 12. Bxd4 Be7 13. Nd2 O-O 14. Nf3 Rfd8 15. Rfd1 Qe4 16. Kf1 Qxe2+ 17. Kxe2 Nd5 18. g3 f6 19. a3 e5 20. Be3 Kf7
21. c4 Nxe3 22. Kxe3 Ke6 23. b4 Rxd1 24. Rxd1 a5 25. c5 axb4 26. axb4 Ra4 27. Rb1 Rxb4
0-1

[Event "Happy New Year 2016!"]
[Site "SchemingMind.com"]
[Date "2016.01.06"]
[Round "-"]
[White "frankly"]
[Black "Stephen Woodhouse"]
[Result "1-0"]
[WhiteCountry "ENG"]
[BlackCountry "ENG"]
[WhiteElo "2443"]
[WhiteRD "54"]
[BlackElo "1814"]
[BlackRD "48"]
[GameID "393297"]

1. d4 e6 2. c4 d5 3. Nc3 c5 4. cxd5 exd5 5. Nf3 Nc6 6. g3 Nf6 7. Bg2 Be7 8. O-O O-O 9. Bg5 c4 10. Ne5 Be6
11. Nxc6 bxc6 12. b3 h6 13. Bxf6 Bxf6 14. bxc4 dxc4 15. e3 Qa5 16. Qc2 Rac8 17. Rab1 Rfd8 18. Rb7 Rd7 19. Rxd7 Bxd7 20. Ne4 Be7
21. Qxc4 Be6 22. Qc2 Qxa2 23. Qxa2 Bxa2 24. Ra1 Bd5 25. Rxa7 Kf8 26. Nc3 Bxg2 27. Kxg2 c5 28. Nd5 Bf6 29. Nb6 Rc6 30. Nd7+ Ke8
31. Nxc5
1-0

[Event "Happy New Year 2016!"]
[Site "SchemingMind.com"]
[Date "2016.01.10"]
[Round "-"]
[White "frankly"]
[Black "DANDYLIONHONEYBADGER"]
[Result "1-0"]
[WhiteCountry "ENG"]
[BlackCountry "USA"]
[WhiteElo "2443"]
[WhiteRD "54"]
[BlackElo "1446"]
[BlackRD "110"]
[GameID "393298"]

1. d4 c6 2. c4 b6 3. Nf3 Nf6 4. Nc3 d6 5. e4 h6 6. Be2 Bg4 7. d5 Nbd7 8. dxc6 Nc5 9. e5 dxe5 10. Qxd8+ Rxd8
11. Nxe5 Bxe2 12. Kxe2 Ne6 13. Rd1 Nf4+ 14. Bxf4 g5 15. Rxd8+ Kxd8 16. Rd1+ Ke8 17. c7
1-0

[Event "Happy New Year 2016!"]
[Site "SchemingMind.com"]
[Date "2016.01.10"]
[Round "-"]
[White "DANDYLIONHONEYBADGER"]
[Black "frankly"]
[Result "0-1"]
[WhiteCountry "USA"]
[BlackCountry "ENG"]
[WhiteElo "1446"]
[WhiteRD "110"]
[BlackElo "2443"]
[BlackRD "54"]
[GameID "393299"]

1. Nc3 c5 2. b3 d5 3. e4 d4 4. Nd5 e6 5. Nf4 Qc7 6. g3 Nc6 7. c3 Bd6 8. Bb5 a6 9. Bd3 Bxf4 10. Ne2 Bd6
11. Ba3 Nf6 12. O-O e5 13. f4 dxc3 14. Rf3 Bg4 15. b4 Bxf3 16. bxc5 Qa5 17. cxd6 Qb6+ 18. Kf1 Ng4 19. Qb1 Qf2#
0-1

[Event "Happy New Year 2016!"]
[Site "SchemingMind.com"]
[Date "2016.01.07"]
[Round "-"]
[White "CLewis73"]
[Black "flyinduck"]
[Result "0-1"]
[WhiteCountry "ENG"]
[BlackCountry "CAN"]
[WhiteElo "1733"]
[WhiteRD "70"]
[BlackElo "2050"]
[BlackRD "53"]
[GameID "393345"]

1. Nf3 d5 2. g3 Nf6 3. Bg2 e6 4. O-O Be7 5. d3 O-O 6. Bg5 c5 7. c3 Nc6 8. Nbd2 b5 9. e4 h6 10. Bxf6 Bxf6
11. Re1 b4 12. e5 Be7 13. d4 bxc3 14. bxc3 Qa5 15. Nb3 Qa3 16. Qd2 Ba6 17. Bf1 Bxf1 18. Rxf1 Rfc8 19. Rac1 cxd4 20. cxd4 Nb4
21. Rxc8+ Rxc8 22. Nc1 Qxf3
0-1